000 00493nmm a2200169Ia 4500
008 251105s9999||||xx |||||||||||||||||und||
020 _a9788418436550
041 _aspa
100 _aGutiérrez, Menchu
245 0 _aLa mitad de la casa
264 _a[Madrid, España] :
_bSiruela,
_c[Fecha de publicación no identificada]
300 _a108 páginas
490 _aNuevos tiempos
650 _aSpanish narrative
856 _uhttps://public.digitaliapublishing.com/a/81690
942 _cCF
999 _c79827
_d79827